LEADER 01183nam 2200421 450 001 9910467057903321 005 20200520144314.0 010 $a1-57799-777-8 035 $a(CKB)3790000000535903 035 $a(MiAaPQ)EBC5153167 035 $a(Au-PeEL)EBL5153167 035 $a(CaPaEBR)ebr11472428 035 $a(OCoLC)1013820337 035 $a(EXLCZ)993790000000535903 100 $a20190123d2017 uy 0 101 0 $aeng 135 $aurcnu|||||||| 181 $ctxt$2rdacontent 182 $cc$2rdamedia 183 $acr$2rdacarrier 200 10$aDeserting the King $ethe book of Judges /$fDavid J.H. Beldman 210 1$aBellingham, WA :$cLexham Press,$d[2017] 210 4$dİ2017 215 $a1 online resource (103 pages) 225 0 $aTransformative Word 311 $a1-57799-776-X 320 $aIncludes bibliographical references. 608 $aElectronic books. 676 $a220.07 700 $aBeldman$b David J. H.$0930957 702 $aBartholomew$b Craig G. 801 0$bMiAaPQ 801 1$bMiAaPQ 801 2$bMiAaPQ 906 $aBOOK 912 $a9910467057903321 996 $aDeserting the King$92094165 997 $aUNINA LEADER 02222oas 2200709 a 450 001 9910702719803321 005 20251106213014.0 035 $a(OCoLC)317548738 035 $a(CONSER) 2009230610 035 $a(CKB)1000000000300543 035 $a(EXLCZ)991000000000300543 100 $a20090401a20069999 ua a 101 0 $aeng 135 $aur||||||||||| 181 $ctxt$2rdacontent 182 $cc$2rdamedia 183 $acr$2rdacarrier 200 10$aAccomplishments 210 $aGreenbelt, MD $cNational Aeronautics and Space Administration 215 $aelectronic text, volumes $cHTML, digital, PDF file 311 08$aPrint version: Accomplishments / (DLC)cn2005300312 (OCoLC)1083336903 1714-583X 517 1 $aNASA Goddard Space Flight Center Innovative Partnerships Program Office report 517 1 $aInnovative Partnerships Program Office accomplishments report 606 $aTechnology transfer$zUnited States$vPeriodicals 606 $aDiffusion of innovations$zUnited States$vPeriodicals 606 $aTransfert de technologie$zE?tats-Unis$vPe?riodiques 606 $aInnovations$xDiffusion$zE?tats-Unis$vPe?riodiques 606 $aDiffusion of innovations$2fast$3(OCoLC)fst00893549 606 $aTechnology transfer$2fast$3(OCoLC)fst01145295 607 $aUnited States$2fast$1https://id.oclc.org/worldcat/entity/E39PBJtxgQXMWqmjMjjwXRHgrq 608 $aPeriodicals.$2fast 608 $aPeriodicals.$2lcgft 615 0$aTechnology transfer 615 0$aDiffusion of innovations 615 6$aTransfert de technologie 615 6$aInnovations$xDiffusion 615 7$aDiffusion of innovations. 615 7$aTechnology transfer. 676 $a330 801 0$bGPO 801 1$bGPO 801 2$bGPO 801 2$bOCLCQ 801 2$bDLC 801 2$bOCLCQ 801 2$bOCLCO 801 2$bOCLCQ 801 2$bOCLCO 801 2$bOCLCQ 801 2$bOCLCF 801 2$bGILDS 801 2$bOCLCO 801 2$bOCL 801 2$bOCLCQ 801 2$bOCLCL 801 2$bMLU 801 2$bOCLCL 801 2$bOCLCQ 906 $aJOURNAL 912 $a9910702719803321 996 $aAccomplishments$93212535 997 $aUNINA